Guess the lyrics <3 - Statistics

General Stats
  • This quiz has been taken 47 times
  • The average score is 175 of 428
Answer Stats
Answer % Correct
I
100%
a
95%
you
88%
You
88%
the
76%
and
74%
be
71%
is
69%
it
69%
me
69%
to
69%
when
69%
we
64%
go
62%
if
62%
If
62%
your
62%
Your
62%
in
57%
you're
57%
can
55%
for
55%
that
52%
this
52%
my
50%
My
50%
don't
45%
like
45%
say
45%
with
45%
But
43%
but
43%
I'm
43%
will
43%
could
40%
It's
40%
it's
40%
know
40%
Baby
38%
every
38%
get
38%
take
38%
would
38%
feel
36%
yeah
36%
got
33%
night
33%
our
33%
should
33%
Tell
33%
tell
33%
away
31%
give
31%
us
31%
I'll
29%
wanna
29%
day
26%
make
26%
off
26%
dance
21%
eyes
21%
good
21%
last
19%
right
19%
run
19%
Even
17%
even
17%
gotta
17%
stay
17%
liked
14%
face
12%
leave
12%
wait
12%
Wait
12%
Let's
10%
light
10%
name
7%
town
7%
wrong
7%
best
5%
close
5%
home
5%
lips
5%
might
5%
try
5%
alone
2%
better
2%
breathe
2%
chance
2%
lotta
2%
mm
2%
Mm
2%
save
2%
sky
2%
sorry
2%
taste
2%
weak
2%
advance
0%
beneath
0%
cliché
0%
create
0%
darkness
0%
draw
0%
head's
0%
Iiked
0%
kissed
0%
knees
0%
married
0%
mess
0%
neon
0%
nostalgia
0%
oxygen
0%
rolling
0%
sounds
0%
stone
0%
surrounds
0%
Vegas
0%
No matching quizzes found
Score Distribution
Percent of People with Each Score
Percentile by Number Answered
Your Score History
You have not taken this quiz